000 00375pab a2200145 454500
008 180718b1990 xxu||||| |||| 00| 0 eng d
100 _aSharma, K.C.
245 _aCorporate tax revenue in 1990-91
_bSome methodological issues
260 _c1990
300 _a2857-61
362 _a29 Dec.
650 _aTaxation
773 _aEconomic and Political Weekly
909 _a19740
999 _c19740
_d19740